| 000 | 00685cam a2200205 4500 | ||
|---|---|---|---|
| 001 | WB3608-23 | ||
| 008 | 000000n2000 000 0 eng u | ||
| 035 | _a(Sirsi) u104232 | ||
| 245 | _aQuitting EU 'would hurt inward investment' | ||
| 260 | _c2000 | ||
| 490 |
_aFinancial Times _v 18 February 2000, 3(1) |
||
| 520 | _aAccording to research carried out by the National Institute of Economic and Social Research', the UK withdrawing from the EU would reduce inward investment in manufacturing by a third. | ||
| 590 | _aWB | ||
| 650 | _aINWARD INVESTMENT | ||
| 650 | _aEUROPEAN UNION | ||
| 650 | _aEU | ||
| 650 | _aMANUFACTURING SECTOR | ||
| 690 | _aINVESTMENT | ||
| 942 | _n0 | ||
| 999 |
_c62548 _d62548 |
||